Danh nhân Hồ Chí Minh
保存先:
| フォーマット: | 図書 |
|---|---|
| 言語: | Undetermined |
| 出版事項: |
Hà Nội
Lao động
2000
|
| 主題: | |
| タグ: |
タグ追加
タグなし, このレコードへの初めてのタグを付けませんか!
|
| Thư viện lưu trữ: | Trung tâm Học liệu Trường Đại học Cần Thơ |
|---|
| LEADER | 00538nam a2200169Ia 4500 | ||
|---|---|---|---|
| 001 | CTU_40708 | ||
| 008 | 210402s9999 xx 000 0 und d | ||
| 082 | |a 959.7092 | ||
| 082 | |b D107 | ||
| 245 | 0 | |a Danh nhân Hồ Chí Minh | |
| 245 | 0 | |c Thành Duy ...[et al.] | |
| 260 | |a Hà Nội | ||
| 260 | |b Lao động | ||
| 260 | |c 2000 | ||
| 650 | |a communists - vietnam | ||
| 904 | |i Mai chuyển số PL từ 324.2075092/ D107 thành 959.7092/D107 chưa in nhãn | ||
| 980 | |a Trung tâm Học liệu Trường Đại học Cần Thơ | ||